Bobby the tree kangaroo / (Record no. 4526)
[ view plain ]
| 000 -LEADER | |
|---|---|
| fixed length control field | 01215nam a22002657a 4500 |
| 001 - CONTROL NUMBER | |
| control field | 4526 |
| 003 - CONTROL NUMBER IDENTIFIER | |
| control field | FISKH |
| 005 - DATE AND TIME OF LATEST TRANSACTION | |
| control field | 20240913103730.0 |
| 008 - FIXED-LENGTH DATA ELEMENTS--GENERAL INFORMATION | |
| fixed length control field | 240913b cb ||||| |||| 00| 0 eng d |
| 020 ## - INTERNATIONAL STANDARD BOOK NUMBER | |
| International Standard Book Number | 9780646555386 |
| 040 ## - CATALOGING SOURCE | |
| Original cataloging agency | FISKH |
| Language of cataloging | eng |
| Transcribing agency | FISKH |
| Modifying agency | FISKH |
| 050 ## - LIBRARY OF CONGRESS CALL NUMBER | |
| Classification number | PZ7 |
| 100 ## - MAIN ENTRY--PERSONAL NAME | |
| Personal name | Welsh, Eva- Marie |
| Relator term | author |
| 245 ## - TITLE STATEMENT | |
| Title | Bobby the tree kangaroo / |
| Statement of responsibility, etc. | Witten and illustrated by Eva-Marie Welsh |
| 260 ## - PUBLICATION, DISTRIBUTION, ETC. | |
| Place of publication, distribution, etc. | Australia : |
| Name of publisher, distributor, etc. | evabooks ; |
| Date of publication, distribution, etc. | 2011. |
| 300 ## - PHYSICAL DESCRIPTION | |
| Extent | 16 unnumbered pages : |
| Other physical details | color illustraions ; |
| Dimensions | 30 cm . |
| 505 ## - FORMATTED CONTENTS NOTE | |
| Formatted contents note | H <br/> |
| 520 ## - SUMMARY, ETC. | |
| Summary, etc. | Where is Croaky? is the tale of a green tree frog as he looks for his friend in different environments including a down pipe, toilet cistern and pots and pans. The illustrations include green tree frogs, a gecko, Rainbow lorikeet, Cairns Birdwing and Ulysses butterflies, a King Fisher and caterpillars as well as many tropical rainforest plants including the Licuala Palms. Cassy from previous book, Cassy's Tale, also makes an appearance. |
| 521 8# - TARGET AUDIENCE NOTE | |
| Target audience note | 450 <br/> |
| Source | Lexile estimate <br/> |
| 521 8# - TARGET AUDIENCE NOTE | |
| Target audience note | H <br/> |
| Source | Raz-Plus <br/> |
| 650 ## - SUBJECT ADDED ENTRY--TOPICAL TERM | |
| Topical term or geographic name entry element | learning to climb |
| Form subdivision | juvenile fiction |
| 700 ## - ADDED ENTRY--PERSONAL NAME | |
| Personal name | Welsh, Eva-Marie |
| Relator term | illustrator |
| 942 ## - ADDED ENTRY ELEMENTS (KOHA) | |
| Source of classification or shelving scheme | Dewey Decimal Classification |
| Koha item type | Books |
| Suppress in OPAC | No |
| Withdrawn status | Lost status | Source of classification or shelving scheme | Damaged status | Not for loan | Collection | Home library | Current library | Shelving location | Date acquired | Total Checkouts | Full call number | Barcode | Date last seen | Price effective from | Koha item type |
|---|---|---|---|---|---|---|---|---|---|---|---|---|---|---|---|
| Dewey Decimal Classification | Fiction | Footprints International School Library Network Toul Kork Campus | Footprints International School Library Network Toul Kork Campus | 09/13/2024 | WEL PZ7 | 2024-1951 | 09/13/2024 | 09/13/2024 | Books |
